The Battle for latino media /
Uloženo v:
| Hlavní autor: | |
|---|---|
| Médium: | Text |
| Témata: | |
| Tagy: |
Přidat tag
Žádné tagy, Buďte první, kdo vytvoří štítek k tomuto záznamu!
|
MARC
| LEADER | 00000 a a2200000 04500 | ||
|---|---|---|---|
| 001 | 9997 | ||
| 003 | |||
| 040 | |||
| 100 | |a Ballvé, Marcelo | ||
| 245 | |a The Battle for latino media / |c Marcelo Ballvé | ||
| 650 | |a MEDIOS DE COMUNICACION DE MASAS | ||
| 650 | |a MOVIMIENTOS DE CAPITALES | ||
| 650 | |a CONCENTRACION ECONOMICA | ||
| 650 | |a ESTADOS UNIDOS | ||
| 773 | |g volumen 37, número 4; páginas 20-25 | ||
| 999 | |c 35495 |d 35495 | ||
